书目信息 |
| 题名: |
板球基础教程
|
|
| 作者: | 刘静民 主编 | |
| 分册: | ||
| 出版信息: | 北京 人民体育出版社 2009 |
|
| 页数: | 307页 | |
| 开本: | 21cm | |
| 丛书名: | ||
| 单 册: | ||
| 中图分类: | G849.9 | |
| 科图分类: | ||
| 主题词: | 板球运动--教材 , 板球运动 | |
| 电子资源: | ||
| ISBN: | 978-7-5009-3641-1 | |
| 000 | 00810nam0 2200241 45 | |
| 001 | 1130734452 | |
| 005 | 20110310094618.26 | |
| 010 | @a978-7-5009-3641-1@dCNY22.00 | |
| 100 | @a20110122d2009 em y0chiy50 ea | |
| 101 | 0 | @achi |
| 102 | @aCN@b110000 | |
| 105 | @aa z 000yy | |
| 106 | @ar | |
| 200 | 1 | @a板球基础教程@ABan Qiu Ji Chu Jiao Cheng@f刘静民主编@FLiu Jing Min Zhu Bian |
| 210 | @a北京@c人民体育出版社@d2009 | |
| 215 | @a307页@c图@d21cm | |
| 330 | @a本书共分为七章,主要内容包括板球运动概述;板球技术;板球游戏;板球运动身体素质;板球教学比赛及战术;板球基本规则与裁判法;板球教学安全防范和医务监督。 | |
| 606 | 0 | @a板球运动@j教材 |
| 606 | 0 | @a板球运动 |
| 690 | @aG849.9@v4 | |
| 701 | 0 | @a刘静民@ALiu Jing Min@4主编 |
| 801 | 0 | @aCN@bTANGWEI@c20110310 |
| 905 | @b0531864-67@dG849.9@e353@f4 | |
| 板球基础教程/刘静民主编.-北京:人民体育出版社,2009 |
| 307页:图;21cm |
| ISBN 978-7-5009-3641-1:CNY22.00 |
| 本书共分为七章,主要内容包括板球运动概述;板球技术;板球游戏;板球运动身体素质;板球教学比赛及战术;板球基本规则与裁判法;板球教学安全防范和医务监督。 |
| ● |
| 相关链接 |
|
|
|
|
正题名:板球基础教程
索取号:G849.9/353
 
预约/预借
| 序号 | 登录号 | 条形码 | 馆藏地/架位号 | 状态 | 备注 |
| 1 | 0531864 | 205318645 | 第一样本阅览室/ [索取号:G849.9/353] | 在馆 | |
| 2 | 0531865 | 205318654 | 第四借阅区/ [索取号:G849.9/353] | 在馆 | |
| 3 | 0531866 | 205318663 | 第四借阅区/ [索取号:G849.9/353] | 在馆 | |
| 4 | 0531867 | 205318672 | 密集书库-体育系/ [索取号:G849.9/353] | 在馆 |